Cities in Oklahoma by picture - Statistics

General Stats
  • This quiz has been taken 15 times
  • The average score is 3 of 16
Answer Stats
Picture Answer % Correct
Oklahoma City
100%
Tulsa
100%
Bartlesville
21%
Broken Arrow
21%
Enid
14%
Ponca City
14%
Stillwater
14%
El Reno
7%
Tahlequah
7%
Chickasha
0%
Claremore
0%
Coweta
0%
Glenpool
0%
Guymon
0%
Jenks
0%
Sapulpa
0%
No matching quizzes found
Score Distribution
Percent of People with Each Score
Percentile by Number Answered
Your Score History
You have not taken this quiz